| 000 | 00346pab a2200133 454500 | ||
|---|---|---|---|
| 008 | 180718b2005 xxu||||| |||| 00| 0 eng d | ||
| 100 | _aLin, Justin Yifu | ||
| 245 | _aViability, economic transition and reflection on neoclassical economics | ||
| 260 | _c2005 | ||
| 300 | _ap.239-64. | ||
| 650 | _aEconomics | ||
| 773 | _aKyklos | ||
| 909 | _a66137 | ||
| 999 |
_c66137 _d66137 |
||